| 000 | 00346nam a2200133 a 4500 | ||
|---|---|---|---|
| 001 | 4003 | ||
| 003 | CDMR | ||
| 005 | 20130116135251.0 | ||
| 008 | 130130s1991||||||||||||||||||||||||||||d | ||
| 040 |
_aCDMR _bcat _cCDMR |
||
| 245 | 0 |
_aAnuario 1990 _bFinal de etapa III. Protagonistas 1990 |
|
| 260 |
_aBarcelona _c1991 _bDifusora Internacional |
||
| 942 | _cMON | ||
| 999 |
_c4003 _d4003 |
||